Statistics for Largest Semi-Arid Climate U.S. Cities

Click here to take the quiz!

General Stats

  • This quiz has been taken 29 times
  • The average score is 7 of 16

Answer Stats

HintAnswer% Correct
3.0M†Denver
100%
760kColorado Springs
85%
1.3M†Salt Lake City
85%
760kBoise
81%
920kAlbuquerque
74%
3.3M†San Diego
59%
1.0M†Fresno
56%
670k†Provo
48%
320kLubbock
37%
330k†Boulder
33%
1.0MHonolulu
26%
870k†McAllen
7%
280kMerced
7%
330kGreeley
4%
470kVisalia
4%
300k†Kennewick
0%

Score Distribution

Percentile by Number Answered

Percent of People with Each Score

Your Score History

You have not taken this quiz